Šumava 2019 : meteorologická konference : sborník příspěvků z konference pořádané Českým hydrometeorologickým ústavem, Českou meteorologickou společností a neformálním spolkem SUMAVA.EU ve spolupráci s Národním parkem Šumava a obcí Kvilda konané ve dnech 14.-16. května 2019 v Obecním sále na Kvildě /

Korporativní autor: Český hydrometeorologický ústav
Další autoři: Šumava (konference), Lipina, Pavel, 1972-, Procházka, Jan, Česká meteorologická společnost, SUMAVA.EU, Kvilda (Česko), Národní park Šumava (Česko)
Jazyk: Slovenština
Polština
Čeština
Vydáno: Praha : Český hydrometeorologický ústav, 2019
Vydání: 1. vydání
Témata:
Fyzický popis: 146 stran : ilustrace (převážně barevné), mapy ; 30 cm
Language note: Částečně polský a slovenský text
Knihy
Uloženo v:
LEADER 02884nam a2200637 i 4500
001 nkc20203170956
003 CZ PrNK
005 20200310084238.0
007 ta
008 200114s2019 xr ab e 100 0 cze
015 |a cnb003170956 
020 |a 978-80-87577-87-5  |q (brožováno) 
035 |a (OCoLC)1143835464 
040 |a OLA001  |b cze  |d ABA001  |e rda 
041 0 |a cze  |a pol  |a slo 
043 |a e-xr---  |b e-xr-cc  |a e-gx---  |a e-au---  |2 czenas 
072 7 |a 551  |x Geologie. Meteorologie. Klimatologie  |2 Konspekt  |9 7 
080 |a 551.501  |2 MRF 
080 |a 551.58  |2 MRF 
080 |a 551.501.9  |2 MRF 
080 |a (234.554)  |2 MRF 
080 |a (437.31-13)  |2 MRF 
080 |a (062.534)  |2 MRF 
111 2 |a Šumava (konference)  |d (2019 :  |c Kvilda, Česko)  |7 olak20201066055  |4 aut 
245 1 0 |a Šumava 2019 :  |b meteorologická konference : sborník příspěvků z konference pořádané Českým hydrometeorologickým ústavem, Českou meteorologickou společností a neformálním spolkem SUMAVA.EU ve spolupráci s Národním parkem Šumava a obcí Kvilda konané ve dnech 14.-16. května 2019 v Obecním sále na Kvildě /  |c Pavel Lipina a Jan Procházka, editoři sborníku 
246 1 |i Obálkový podnázev:  |a Meteorologie, klimatologie a kvalita ovzduší ve středních a vyšších polohách Česka a střední Evropy 
250 |a 1. vydání 
264 1 |a Praha :  |b Český hydrometeorologický ústav,  |c 2019 
300 |a 146 stran :  |b ilustrace (převážně barevné), mapy ;  |c 30 cm 
336 |a text  |b txt  |2 rdacontent 
337 |a bez média  |b n  |2 rdamedia 
338 |a svazek  |b nc  |2 rdacarrier 
500 |a 150 výtisků 
504 |a Obsahuje bibliografie a bibliografické odkazy 
546 |a Částečně polský a slovenský text 
650 0 7 |a meteorologická měření  |7 ph162494  |z Česko  |2 czenas 
650 0 7 |a klimatologie  |7 ph114914  |z Česko  |2 czenas 
650 0 7 |a meteorologické stanice  |7 ph115268  |z Česko  |2 czenas 
650 0 9 |a meteorological measurements  |z Czechia  |2 eczenas 
650 0 9 |a climatology  |z Czechia  |2 eczenas 
650 0 9 |a meteorological stations  |z Czechia  |2 eczenas 
651 7 |a Šumava (pohoří)  |7 ge128617  |2 czenas 
651 9 |a Šumava Mountains  |2 eczenas 
655 7 |a sborníky konferencí  |7 fd133333  |2 czenas 
655 9 |a proceedings of conferences  |2 eczenas 
700 1 |a Lipina, Pavel,  |d 1972-  |7 mzk2004258669  |4 edt 
700 1 |a Procházka, Jan  |7 jx20090225006  |4 edt 
710 2 |a Český hydrometeorologický ústav  |7 kn20010710186  |4 isb  |4 orm 
710 2 |a Česká meteorologická společnost  |7 ko2004229732  |4 orm 
710 2 |a SUMAVA.EU  |4 orm 
710 1 |a Kvilda (Česko)  |7 ge129721  |4 orm 
710 1 |a Národní park Šumava (Česko)  |7 ge128533  |4 orm 
910 2 |a BOA001  |b 4-1445.397 
990 |a BK 
995 |a 01 
996 6 |b 2610817378  |c 4-1445.397  |l MZK  |r Sklad / do 1 hodiny  |n 0  |p p.v.  |w 001786201  |u 000010  |a 1  |e BOA001  |j MZK50  |s P